000 004910000a22001690004500
041 0 _aSPA
082 0 4 _aG 270 D686i
100 1 _aDonner, Theodorus Gerardus (Theo G.)
245 1 0 _aLa iglesia en la historia : Desafío y compromiso / Theo G. Donner
260 _aMedellín, Colombia : Seminario Bíblico de Colombia
300 _a126 Pag
001 8280
942 _cBK
999 _c38457
_d38457
336 _atexto
_btxt
_2rdacontent
337 _2rdamedia
_asin mediación
_bn
338 _2rdacarrier
_avolumen
_bnc